| 000 | 00658nam a2200217 i 4500 | ||
|---|---|---|---|
| 001 | 36267 | ||
| 003 | ES-MaACL | ||
| 005 | 20230906155333.0 | ||
| 007 | t| | ||
| 008 | 030217s1982 fr ||||1| eng d | ||
| 100 | 1 |
_aBroome, J. H. _931926 |
|
| 245 | 1 | 0 |
_aMolière _b: L'ecole des femmes and Le misanthrope / _cJ. H. Broome. |
| 260 |
_a[London] : _bGrant & Cutler, _c1982. |
||
| 300 |
_a83 p. ; _c20 cm. |
||
| 490 | 1 |
_aCritical guides to french texts ; _v18 |
|
| 740 | 2 | _aL'ecole des femmes. | |
| 740 | 3 | _aLe misanthrope. | |
| 830 | 0 |
_aCritical guides to french texts ; _v18 _9182826 |
|
| 852 |
_aES-MaACL _jL-3190 _bR.103981 |
||
| 999 |
_c36267 _d36267 |
||